Introduction to Solid State Physics (Record no. 10095)
[ view plain ]
| 000 -LEADER | |
|---|---|
| fixed length control field | 00422cam a2200145ua 4500 |
| 020 ## - INTERNATIONAL STANDARD BOOK NUMBER | |
| ISBN | 9788126535187 |
| 082 ## - DEWEY DECIMAL CLASSIFICATION NUMBER | |
| Classification number | 530.41 |
| Item number | KIT/IN |
| 100 ## - MAIN ENTRY--AUTHOR NAME | |
| Personal name | Kittel, Charles . |
| 245 ## - TITLE STATEMENT | |
| Title | Introduction to Solid State Physics |
| 250 ## - EDITION STATEMENT | |
| Edition statement | 5 / 8 |
| 260 ## - PUBLICATION, DISTRIBUTION, ETC. (IMPRINT) | |
| Place of publication | New Delhi : |
| Name of publisher | Wiley India , |
| Year of publication | 2012 |
| 300 ## - PHYSICAL DESCRIPTION | |
| Number of Pages | 680 |
| 500 ## - GENERAL NOTE | |
| General note | Chapter 18, Nanostructures,was written by Professor Paul McEuen of Cornell University |
| 942 ## - ADDED ENTRY ELEMENTS (KOHA) | |
| Koha item type | Books |
| Withdrawn status | Lost status | Damaged status | Home library | Current library | Date acquired | Full call number | Accession Number | Koha item type | Collection code | Shelving location | Source of acquisition | Cost, normal purchase price |
|---|---|---|---|---|---|---|---|---|---|---|---|---|
| Withdrawn | Damaged | KAUAET | KAUAET | 07/04/2012 | 530.41 KIT/IN | 17757 | Books | |||||
| KAUAET | KAUAET | 07/04/2012 | 530.41 KIT/IN | 21444 | Books | |||||||
| KAUAET | KAUAET | 07/04/2012 | 530.41 KIT/IN | 21928 | Books | |||||||
| KAUAET | KAUAET | 30/03/2013 | 530.41 KIT/IN | 24118 | Books | General Stacks | Aman Book Stall, Calicut | 499.00 |
